<?xml version="1.0" encoding="UTF-8"?>
<record
    xmlns:xsi="http://www.w3.org/2001/XMLSchema-instance"
    xsi:schemaLocation="http://www.loc.gov/MARC21/slim http://www.loc.gov/standards/marcxml/schema/MARC21slim.xsd"
    xmlns="http://www.loc.gov/MARC21/slim">

  <leader>00444nam a2200157Ia 4500</leader>
  <controlfield tag="008">220803s9999    xx            000 0 und d</controlfield>
  <datafield tag="020" ind1=" " ind2=" ">
    <subfield code="a">81-85026-35-1</subfield>
  </datafield>
  <datafield tag="041" ind1=" " ind2=" ">
    <subfield code="a">eng</subfield>
  </datafield>
  <datafield tag="082" ind1=" " ind2=" ">
    <subfield code="a">722 FAR</subfield>
  </datafield>
  <datafield tag="100" ind1=" " ind2=" ">
    <subfield code="a">Farooq A Ed.</subfield>
    <subfield code="9">13828</subfield>
  </datafield>
  <datafield tag="245" ind1=" " ind2=" ">
    <subfield code="a">Contemporary Architecture And City Form : The South Asian Paradign</subfield>
  </datafield>
  <datafield tag="260" ind1=" " ind2=" ">
    <subfield code="a">Mumbai</subfield>
    <subfield code="b">Marg Publications</subfield>
    <subfield code="c">1997</subfield>
  </datafield>
  <datafield tag="300" ind1=" " ind2=" ">
    <subfield code="a">118p</subfield>
  </datafield>
  <datafield tag="500" ind1=" " ind2=" ">
    <subfield code="a">Architecture</subfield>
  </datafield>
  <datafield tag="650" ind1=" " ind2=" ">
    <subfield code="a">Architectural History</subfield>
    <subfield code="9">13829</subfield>
  </datafield>
  <datafield tag="999" ind1=" " ind2=" ">
    <subfield code="c">10631</subfield>
    <subfield code="d">10631</subfield>
  </datafield>
  <datafield tag="952" ind1=" " ind2=" ">
    <subfield code="0">0</subfield>
    <subfield code="1">0</subfield>
    <subfield code="4">0</subfield>
    <subfield code="7">0</subfield>
    <subfield code="a">BNCA</subfield>
    <subfield code="b">BNCA</subfield>
    <subfield code="c">A5</subfield>
    <subfield code="d">1999-06-29</subfield>
    <subfield code="e">Marg Publications</subfield>
    <subfield code="g">1220.00</subfield>
    <subfield code="l">2</subfield>
    <subfield code="m">1</subfield>
    <subfield code="o">722 FAR</subfield>
    <subfield code="p">BNCA-BK-2603</subfield>
    <subfield code="r">2024-08-12 00:00:00</subfield>
    <subfield code="s">2024-08-05</subfield>
    <subfield code="v">1750.00</subfield>
    <subfield code="w">1999-06-29</subfield>
    <subfield code="y">BK</subfield>
    <subfield code="z">B002603</subfield>
  </datafield>
  <datafield tag="952" ind1=" " ind2=" ">
    <subfield code="0">0</subfield>
    <subfield code="1">0</subfield>
    <subfield code="4">0</subfield>
    <subfield code="7">0</subfield>
    <subfield code="8">Book of B Arch</subfield>
    <subfield code="a">BNCA</subfield>
    <subfield code="b">BNCA</subfield>
    <subfield code="c">B2</subfield>
    <subfield code="d">2007-01-17</subfield>
    <subfield code="e">Word Book Shop</subfield>
    <subfield code="g">1488.02</subfield>
    <subfield code="l">3</subfield>
    <subfield code="o">720.15 FAR</subfield>
    <subfield code="p">BNCA-BK-5375</subfield>
    <subfield code="r">2023-10-16 00:00:00</subfield>
    <subfield code="s">2023-10-09</subfield>
    <subfield code="v">1750.00</subfield>
    <subfield code="w">2007-01-08</subfield>
    <subfield code="y">BK</subfield>
    <subfield code="z">B005375</subfield>
  </datafield>
</record>
